| 000 | 00748nam a22002057a 4500 | ||
|---|---|---|---|
| 999 |
_c18908 _d18908 |
||
| 003 | AR-CdUCM | ||
| 008 | 190515b ||||| |||| 00| 0 spa d | ||
| 040 |
_aMUNICIPALIDAD PROVINCIAL DEL CUSCO _cBIBLIOTECA MUNICIPAL DEL CUSCO |
||
| 082 |
_a151.8 / _bH22 |
||
| 100 |
_aHarmtman, Robert S. _939822 |
||
| 245 |
_aEl conocimiento del bien : _bcritica de la razón axiologica / |
||
| 260 |
_aMéxico : _bFondo de cultura económica, _c1965. |
||
| 300 |
_a380 paginas ; _c22 cm. |
||
| 440 |
_aDIanola anuario de filosofía _939823 |
||
| 505 | _aContenido : La razón y las razones del valor -- El valor de la razón. | ||
| 650 |
_aValores (Filosofía) _99935 |
||
| 650 |
_aValores (Etica) _939824 |
||
| 942 |
_2ddc _cLIBROS |
||
| 945 |
_awnts _d2019-05-15 |
||